[Event "ESP-ch U14"]
[Site "Salobrena"]
[Date "2021.07.12"]
[Round "2"]
[White "Ruiz Vazquez, Javier"]
[Black "Perea Fruet, Lorenzo"]
[Result "0-1"]
[WhiteElo "1654"]
[BlackElo "2004"]
[PlyCount "90"]
[EventDate "2021.07.12"]
[EventType "swiss"]
[EventRounds "9"]
[EventCountry "ESP"]
[SourceTitle "EXT 2022"]
[Source "ChessBase"]
[SourceDate "2021.10.06"]
[SourceVersion "1"]
[SourceVersionDate "2021.10.06"]
[SourceQuality "1"]

1. e4 c5 2. Nf3 Nc6 3. d4 cxd4 4. Nxd4 Qb6 5. Nb5 a6 6. Be3 Qa5+ 7. N5c3 b5 8. Nd2 e6 9. a3 Be7 10. f4 d6 11. Nb3 Qc7 12. Nd4 Nf6 13. Be2 Bb7 14. Bf3 Na5 15. Qd3 Nc4 16. Bc1 Rc8 17. Nce2 Nd7 18. b3 Nc5 19. Qc3 Nb6 20. Qe3 0-0 21. 0-0 Bf6 22. Bb2 e5 23. fxe5 Bxe5 24. Bc3 Rce8 25. Qg5 Bxe4 26. a4 Bxf3 27. gxf3 bxa4 28. b4 Ne6 29. Nxe6 Rxe6 30. Qd2 Rc8 31. Bxe5 dxe5 32. Qe3 Qxc2 33. Rac1 Qg6+ 34. Kh1 Rxc1 35. Rxc1 h6 36. Ng3 Qg5 37. Qc3 Qf4 38. Rg1 Nd5 39. Qd3 Nxb4 40. Qd8+ Kh7 41. Qa8 Rc6 42. Rf1 a3 43. Qf8 Rc1 44. Qxg7+ Kxg7 45. Nh5+ Kf8 0-1

[Event "Madrid-ch U14"]
[Site "Madrid"]
[Date "2021.04.17"]
[Round "2"]
[White "Jolani, Parnian"]
[Black "Ruiz Vazquez, Javier"]
[Result "0-1"]
[WhiteElo "1394"]
[BlackElo "1590"]
[PlyCount "70"]
[EventDate "2021.04.17"]
[EventType "swiss"]
[EventRounds "5"]
[EventCountry "ESP"]
[SourceTitle "EXT 2023"]
[Source "ChessBase"]
[SourceDate "2022.10.05"]
[SourceVersion "1"]
[SourceVersionDate "2022.10.05"]
[SourceQuality "1"]

1. e4 e5 2. Nf3 Nc6 3. Bc4 Nf6 4. Ng5 d5 5. exd5 Na5 6. Bb5+ c6 7. dxc6 bxc6 8. Qf3 Bb7 9. Bd3 c5 10. Be4 Qc7 11. Nc3 Nxe4 12. Ngxe4 Qd7 13. Qh5 Nc6 14. d3 Be7 15. Be3 Nd4 16. Rc1 Qe6 17. Na4 Bxe4 18. dxe4 g6 19. Qh6 Qxa2 20. Qg7 Rf8 21. Nxc5 Qa5+ 22. c3 Bxc5 23. Qxe5+ Ne6 24. b4 Bxb4 25. Qd5 Bxc3+ 26. Kf1 Qa6+ 27. Kg1 Rd8 28. Qb3 Bd2 29. Bxd2 Nd4 30. Qc4 Ne2+ 31. Kf1 Qxc4 32. Rxc4 Rxd2 33. Ke1 Ra2 34. Rf1 Nf4 35. Rc1 Nd3+ 0-1